00549 2200193 4500001002100000005001800021008004100039035002400080090002100104100002200125245007000147250000600217260003000223300003400253650003200287700000600319850001500325999001500340YOGYA-0211000000165120110202085916481 ind  0010-021100000001651 aDEP 510.78 San D aSantosa, P. Insap aDBASE II, komunikasi dbase II-bacis disertai contoh paket program a- aYogyakartabLibertyc1986 axiii, 231 hlm.: ilus.; 28 cm. aDbase II-bahasa Pemrograman a- aYOPDYOG[B] aD000004375